000 00484nam a22001697a 4500
003 BD-DhUL
005 20170824142613.0
008 170824s1921 ua ||||| |||| 00| 0 ara d
040 _aBD-DhUL
_cBD-DhUL
082 _a892.71
_bZAS
100 0 _aالزوزنی
245 1 0 _aشرح المعلقات السبع /
_cالزوزنی
260 _aمصر :
_bصاحب المکتبہ،
_c۔۱۹۲۱
300 _aص۔ ۲۱۴ ؛
_c۱۹ سم۔
650 0 _aArabic poetry
942 _2ddc
_cBK
999 _c213798
_d213798